Statistiken für Flaggen Westafrikanischer Länder

Klicken Sie hier um das Quiz zu spielen!

Allgemein

  • Dieses Quiz wurde 376 mal gespielt
  • Das Durchschnittsergebnis liegt bei 13 aus 16

Antwortstatistiken

Antwort% Korrekt
Nigeria
98%
Elfenbeinküste
91%
Senegal
91%
Ghana
88%
Niger
85%
Liberia
84%
Kap Verde
83%
Mauretanien
80%
Burkina Faso
79%
Togo
79%
Benin
74%
Mali
74%
Sierra Leone
73%
Gambia
70%
Guinea
68%
Guinea-Bissau
66%

Verteilung der Resultate

Perzentil nach korrekt beantworteten Fragen

Anzahl Personen mit jedem Resultat

Ihre Resultats-Entwicklung

Sie haben dieses Quiz noch nicht gespielt